Football : Classement Ligue 1 2025-2026 - Statistiques

Statistiques générales
  • Ce quiz a été pris 86 fois
  • Le résultat moyen est 16 sur 18
Statistiques - réponses
Place Club % Correct
1 PSG
100%
2 RC Lens
99%
3 LOSC
96%
5 OM
96%
4 OL
95%
7 Monaco
91%
8 Strasbourg
91%
6 Stade Rennais
89%
17 FC Nantes
87%
16 OGC Nice
87%
10 Toulouse FC
87%
18 FC Metz
86%
9 FC Lorient
83%
14 Le Havre
83%
11 Paris FC
83%
12 Stade Brestois
83%
13 Angers SCO
82%
15 AJ Auxerre
80%
Aucun quiz correspondant
Distribution des résultats
% des personnes avec chaque résultat
Percentile par nombre de réponses
Votre historique - résultats
Vous n’avez pas pris ce quiz